<?xml version="1.0" encoding="UTF-8"?>
<record
    xmlns:xsi="http://www.w3.org/2001/XMLSchema-instance"
    xsi:schemaLocation="http://www.loc.gov/MARC21/slim http://www.loc.gov/standards/marcxml/schema/MARC21slim.xsd"
    xmlns="http://www.loc.gov/MARC21/slim">

  <leader>02399nam a22003017a 4500</leader>
  <controlfield tag="001">1718</controlfield>
  <controlfield tag="003">FISKH</controlfield>
  <controlfield tag="005">20250528095219.0</controlfield>
  <controlfield tag="008">230919b        cb ||||| |||| 00| 0 khr d</controlfield>
  <datafield tag="020" ind1=" " ind2=" ">
    <subfield code="a">9789996305993</subfield>
  </datafield>
  <datafield tag="040" ind1=" " ind2=" ">
    <subfield code="a">FISKH </subfield>
    <subfield code="b">eng</subfield>
    <subfield code="c">FISKH </subfield>
    <subfield code="d">FISKH </subfield>
  </datafield>
  <datafield tag="082" ind1=" " ind2=" ">
    <subfield code="a">895.1099282</subfield>
  </datafield>
  <datafield tag="100" ind1=" " ind2=" ">
    <subfield code="a">Lu, Xu </subfield>
  </datafield>
  <datafield tag="245" ind1=" " ind2=" ">
    <subfield code="a">&#x1794;&#x17D2;&#x179A;&#x17A2;&#x1794;&#x17CB;&#x178A;&#x17C2;&#x1780;&#x1797;&#x17D2;&#x179B;&#x17BE;&#x1784;&#x179A;&#x1794;&#x179F;&#x17CB;&#x179B;&#x17C4;&#x1780;&#x178F;&#x17B6;&#x200B; / </subfield>
    <subfield code="c">&#x1793;&#x17B7;&#x1796;&#x1793;&#x17D2;&#x1792;&#x178A;&#x17C4;&#x1799; &#x179F;&#x17CA;&#x17BC; &#x179B;&#x17BC; - &#x1782;&#x17BC;&#x179A;&#x179A;&#x17BC;&#x1794;&#x178A;&#x17C4;&#x1799; &#x17A0;&#x17D2;&#x179F;&#x17CA;&#x17BC; &#x1786;&#x17C1;&#x1784;&#x179B;&#x17B6;&#x1784; - &#x200B;&#x1794;&#x1780;&#x1794;&#x17D2;&#x179A;&#x17C2;&#x1796;&#x17B8;&#x1797;&#x17B6;&#x179F;&#x17B6;&#x17A2;&#x1784;&#x17CB;&#x1782;&#x17D2;&#x179B;&#x17C1;&#x179F;&#x178A;&#x17C4;&#x1799;&#x200B; &#x1794;&#x17CA;&#x17BB;&#x178F; &#x179F;&#x17BB;&#x1795;&#x179B; </subfield>
  </datafield>
  <datafield tag="250" ind1=" " ind2=" ">
    <subfield code="a">&#x1794;&#x17C4;&#x17C7;&#x1796;&#x17BB;&#x1798;&#x17D2;&#x1796;&#x179B;&#x17BE;&#x1780;&#x1791;&#x17B8; &#x17E3; &#x1798;&#x17C1;&#x179F;&#x17B6; &#x17E2;&#x17E0;&#x17E2;&#x17E2;</subfield>
  </datafield>
  <datafield tag="260" ind1=" " ind2=" ">
    <subfield code="a">Phnom Penh : </subfield>
    <subfield code="b">Sipar, </subfield>
    <subfield code="c">2022.</subfield>
  </datafield>
  <datafield tag="300" ind1=" " ind2=" ">
    <subfield code="a">31 pages : </subfield>
    <subfield code="b">color illustrations ; </subfield>
    <subfield code="c">22 &#xD7; 26 cm</subfield>
  </datafield>
  <datafield tag="505" ind1=" " ind2=" ">
    <subfield code="a">O
</subfield>
  </datafield>
  <datafield tag="520" ind1=" " ind2=" ">
    <subfield code="a">&#x1787;&#x17B8;&#x178F;&#x17B6;&#x1782;&#x17BA;&#x1787;&#x17B6;&#x17A2;&#x1797;&#x17B7;&#x179A;&#x1780;&#x17D2;&#x179F;&#x1793;&#x17C3;&#x1797;&#x17D2;&#x1793;&#x17C6;&#x1794;&#x17C3;&#x178F;&#x1784;&#x178A;&#x17CF;&#x17A2;&#x179F;&#x17D2;&#x1785;&#x17B6;&#x179A;&#x17D2;&#x1799;&#x17D4; &#x1782;&#x17B6;&#x178F;&#x17CB;&#x1798;&#x17B6;&#x1793;&#x1794;&#x17D2;&#x179A;&#x17A2;&#x1794;&#x17CB;&#x1796;&#x17D2;&#x179A;&#x17B8;&#x1793;&#x178A;&#x17C2;&#x179B;&#x1782;&#x17B6;&#x178F;&#x17CB;&#x178F;&#x17C2;&#x1784;&#x178F;&#x17C2;&#x1794;&#x17D2;&#x179A;&#x17BE;&#x17D4; &#x1796;&#x17C1;&#x179B;&#x200B;&#x1782;&#x17B6;&#x178F;&#x17CB;&#x200B;&#x1785;&#x1784;&#x17CB;&#x200B;&#x1787;&#x1780;&#x17CB; &#x1782;&#x17B6;&#x178F;&#x17CB;&#x200B;&#x1799;&#x1780;&#x200B;&#x178A;&#x17BB;&#x17C6;&#x200B;&#x178A;&#x17C2;&#x1780; &#x178A;&#x17C2;&#x1780;&#x200B;&#x1797;&#x17D2;&#x179B;&#x17BE;&#x1784; &#x1793;&#x17B7;&#x1784;&#x200B;&#x178A;&#x17BB;&#x17C6;&#x200B;&#x179F;&#x17C6;&#x178E;&#x1794;&#x17C9;&#x17B6;&#x17A0;&#x17B6;&#x17C6;&#x1784;&#x200B;&#x1785;&#x17C1;&#x1789; &#x179A;&#x17BD;&#x1785;&#x200B;&#x1782;&#x17B6;&#x178F;&#x17CB;&#x200B;&#x179C;&#x17B6;&#x1799;&#x17D4; &#x1780;&#x1789;&#x17D2;&#x1787;&#x17D2;&#x179A;&#x17C4;&#x1784;&#x178F;&#x17BC;&#x1785;&#x1798;&#x17BD;&#x1799;&#x1794;&#x17B6;&#x1793;&#x1783;&#x17BE;&#x1789;&#x1796;&#x17B8;&#x179A;&#x1794;&#x17C0;&#x1794;&#x178A;&#x17C2;&#x179B;&#x1787;&#x17B8;&#x178F;&#x17B6;&#x1794;&#x17B6;&#x1793;&#x1794;&#x17D2;&#x179A;&#x17BE;&#x1794;&#x17D2;&#x179A;&#x17A2;&#x1794;&#x17CB;&#x179F;&#x17C6;&#x178E;&#x1794;&#x17C9;&#x17B6;&#x17A0;&#x17B6;&#x17C6;&#x1784; &#x17A0;&#x17BE;&#x1799;&#x179B;&#x17BD;&#x1785;&#x1794;&#x17D2;&#x179A;&#x17A2;&#x1794;&#x17CB;&#x179F;&#x17C6;&#x178E;&#x1794;&#x17C9;&#x17B6;&#x17A0;&#x17B6;&#x17C6;&#x1784;&#x179A;&#x1794;&#x179F;&#x17CB;&#x1782;&#x17B6;&#x178F;&#x17CB;&#x17D4; &#x1793;&#x17C5;&#x1791;&#x17B8;&#x1794;&#x1789;&#x17D2;&#x1785;&#x1794;&#x17CB; &#x1794;&#x17D2;&#x179A;&#x17A2;&#x1794;&#x17CB;&#x1796;&#x17D2;&#x179A;&#x17B8;&#x1793;&#x1793;&#x17C1;&#x17C7;&#x1793;&#x17C5;&#x1787;&#x17B6;&#x1798;&#x17BD;&#x1799;&#x1787;&#x17B8;&#x178F;&#x17B6;&#x1793;&#x17C5;&#x179B;&#x17BE;&#x1797;&#x17D2;&#x1793;&#x17C6;&#x1787;&#x17B6;&#x179A;&#x17C0;&#x1784;&#x179A;&#x17A0;&#x17BC;&#x178F;&#x17D4;</subfield>
  </datafield>
  <datafield tag="520" ind1=" " ind2=" ">
    <subfield code="a">Grandpa is a ranger of the Great Green Mountain. He has a tinderbox that he always uses. When he wants to smoke, he takes out the flint, the fire steel, and a pile of tinder then he strikes. A little fox had seen how Grandpa used the tinderbox and stole his tinderbox. In the end, this tinderbox stays forever with Grandpa at the mountain. </subfield>
  </datafield>
  <datafield tag="521" ind1="8" ind2=" ">
    <subfield code="a">640
</subfield>
    <subfield code="b">Lexile estimate </subfield>
  </datafield>
  <datafield tag="521" ind1="8" ind2=" ">
    <subfield code="a">O </subfield>
    <subfield code="b">Raz-Plus </subfield>
  </datafield>
  <datafield tag="650" ind1=" " ind2=" ">
    <subfield code="a">&#x17A2;&#x1793;&#x17BB;&#x179A;&#x1780;&#x17D2;&#x179F; </subfield>
    <subfield code="v">&#x1797;&#x17D2;&#x1793;&#x17C6; </subfield>
    <subfield code="x">&#x1794;&#x17D2;&#x179A;&#x17A2;&#x1794;&#x17CB; </subfield>
    <subfield code="y">&#x1780;&#x1789;&#x17D2;&#x1787;&#x17D2;&#x179A;&#x17C4;&#x1784; </subfield>
  </datafield>
  <datafield tag="650" ind1=" " ind2=" ">
    <subfield code="a">Ranger </subfield>
    <subfield code="v">Mountain </subfield>
    <subfield code="x">Box</subfield>
    <subfield code="y"> Fox </subfield>
  </datafield>
  <datafield tag="700" ind1=" " ind2=" ">
    <subfield code="a">Chengliang, Zhu </subfield>
    <subfield code="e">illustrator </subfield>
  </datafield>
  <datafield tag="700" ind1=" " ind2=" ">
    <subfield code="a">Sophal, Bot </subfield>
    <subfield code="e">Translator </subfield>
  </datafield>
  <datafield tag="942" ind1=" " ind2=" ">
    <subfield code="2">ddc</subfield>
    <subfield code="c">KHB</subfield>
    <subfield code="n">0</subfield>
  </datafield>
  <datafield tag="999" ind1=" " ind2=" ">
    <subfield code="c">1718</subfield>
    <subfield code="d">1718</subfield>
  </datafield>
  <datafield tag="952" ind1=" " ind2=" ">
    <subfield code="0">0</subfield>
    <subfield code="1">0</subfield>
    <subfield code="2">ddc</subfield>
    <subfield code="4">0</subfield>
    <subfield code="7">0</subfield>
    <subfield code="8">KH</subfield>
    <subfield code="a">001</subfield>
    <subfield code="b">001</subfield>
    <subfield code="c">KHRS</subfield>
    <subfield code="d">2023-09-19</subfield>
    <subfield code="l">0</subfield>
    <subfield code="o">LUX 895.1099282</subfield>
    <subfield code="p">2023-0665</subfield>
    <subfield code="r">2023-09-19 13:52:33</subfield>
    <subfield code="t">1</subfield>
    <subfield code="w">2023-09-19</subfield>
    <subfield code="y">KHB</subfield>
  </datafield>
  <datafield tag="952" ind1=" " ind2=" ">
    <subfield code="0">0</subfield>
    <subfield code="1">0</subfield>
    <subfield code="2">ddc</subfield>
    <subfield code="4">0</subfield>
    <subfield code="7">0</subfield>
    <subfield code="8">KH</subfield>
    <subfield code="a">001</subfield>
    <subfield code="b">001</subfield>
    <subfield code="c">KHRS</subfield>
    <subfield code="d">2023-09-19</subfield>
    <subfield code="l">0</subfield>
    <subfield code="o">LUX 895.1099282</subfield>
    <subfield code="p">2023-0666</subfield>
    <subfield code="r">2023-09-19 13:52:43</subfield>
    <subfield code="t">2</subfield>
    <subfield code="w">2023-09-19</subfield>
    <subfield code="y">KHB</subfield>
  </datafield>
  <datafield tag="952" ind1=" " ind2=" ">
    <subfield code="0">0</subfield>
    <subfield code="1">0</subfield>
    <subfield code="2">ddc</subfield>
    <subfield code="4">0</subfield>
    <subfield code="7">0</subfield>
    <subfield code="8">KH</subfield>
    <subfield code="a">002</subfield>
    <subfield code="b">002</subfield>
    <subfield code="c">TTP Khmer</subfield>
    <subfield code="d">2023-09-19</subfield>
    <subfield code="l">0</subfield>
    <subfield code="o">LUX 895.1099282</subfield>
    <subfield code="p">FISTK05315</subfield>
    <subfield code="r">2023-10-10 10:19:34</subfield>
    <subfield code="t">3</subfield>
    <subfield code="w">2023-09-19</subfield>
    <subfield code="y">KHB</subfield>
  </datafield>
  <datafield tag="952" ind1=" " ind2=" ">
    <subfield code="0">0</subfield>
    <subfield code="1">0</subfield>
    <subfield code="2">ddc</subfield>
    <subfield code="4">0</subfield>
    <subfield code="7">0</subfield>
    <subfield code="8">KH</subfield>
    <subfield code="a">002</subfield>
    <subfield code="b">001</subfield>
    <subfield code="c">TTP Khmer</subfield>
    <subfield code="d">2024-06-27</subfield>
    <subfield code="l">1</subfield>
    <subfield code="o">LUX 895.1099282</subfield>
    <subfield code="p">FISBK072063</subfield>
    <subfield code="q">2026-05-08</subfield>
    <subfield code="r">2026-04-24 15:11:18</subfield>
    <subfield code="s">2026-04-24</subfield>
    <subfield code="t">4</subfield>
    <subfield code="w">2024-06-27</subfield>
    <subfield code="y">KHB</subfield>
  </datafield>
  <datafield tag="952" ind1=" " ind2=" ">
    <subfield code="0">0</subfield>
    <subfield code="1">0</subfield>
    <subfield code="2">ddc</subfield>
    <subfield code="4">0</subfield>
    <subfield code="7">0</subfield>
    <subfield code="8">KH</subfield>
    <subfield code="a">002</subfield>
    <subfield code="b">002</subfield>
    <subfield code="c">TTP Khmer</subfield>
    <subfield code="d">2025-10-09</subfield>
    <subfield code="l">0</subfield>
    <subfield code="o">LUX 895.1099282</subfield>
    <subfield code="p">FIS04398</subfield>
    <subfield code="r">2025-10-09 14:52:48</subfield>
    <subfield code="t">5</subfield>
    <subfield code="w">2025-10-09</subfield>
    <subfield code="y">KHB</subfield>
  </datafield>
  <datafield tag="952" ind1=" " ind2=" ">
    <subfield code="0">0</subfield>
    <subfield code="1">0</subfield>
    <subfield code="2">ddc</subfield>
    <subfield code="4">0</subfield>
    <subfield code="7">0</subfield>
    <subfield code="8">KH</subfield>
    <subfield code="a">002</subfield>
    <subfield code="b">002</subfield>
    <subfield code="c">TTP Khmer</subfield>
    <subfield code="d">2025-10-09</subfield>
    <subfield code="l">0</subfield>
    <subfield code="o">LUX 895.1099282</subfield>
    <subfield code="p">FIS04382</subfield>
    <subfield code="r">2025-10-09 15:06:47</subfield>
    <subfield code="t">6</subfield>
    <subfield code="w">2025-10-09</subfield>
    <subfield code="y">KHB</subfield>
  </datafield>
</record>
